[Event "4th GRENKE Open 2019"]
[Site "Karlsruhe"]
[Date "2019.04.21"]
[Round "7.84"]
[White "Koehler, Christian Friedrich"]
[Black "Zeller, Frank"]
[Result "1/2-1/2"]
[WhiteElo "2245"]
[BlackElo "2377"]
[Annotator "NA"]
[PlyCount "104"]
[EventDate "2019.04.18"]
[EventType "swiss"]
[EventCountry "GER"]
[SourceTitle "playchess.com"]
[Source "ChessBase"]
[SourceQuality "1"]

1. d4 Nf6 2. Nf3 e6 3. e3 b6 4. Nbd2 Bb7 5. Bd3 c5 6. O-O Be7 7. b3 cxd4 8. Nxd4 Qc7 9. Bb2 a6 10. c4 d6 11. Re1 Nbd7 12. Bf1 g5 13. b4 g4 14. a4 Rg8 15. a5 bxa5 16. Rxa5 h5 17. Qa4 Rb8 18. Qa1 h4 19. Ne2 h3 20. g3 Qc6 21. e4 Bd8 22. Ra3 Nh7 23. Nd4 Qb6 24. Nc2 Bg5 25. Bd4 Qc6 26. f4 gxf3 27. Nxf3 Bf4 28. Kh1 f5 29. b5 axb5 30. Nb4 Qc8 31. gxf4 fxe4 32. Ng5 Nxg5 33. fxg5 e3+ 34. Nd5 bxc4 35. Bxe3 Bxd5+ 36. Kg1 Ne5 37. Qd1 Rb7 38. Qh5+ Rf7 39. Be2 Bf3 40. Qxh3 Bxe2 41. Rxe2 Rb7 42. Rea2 Rb1+ 43. Kg2 Qb7+ 44. Kf2 Rf8+ 45. Ke2 Rb2+ 46. Rxb2 Qxb2+ 47. Bd2 Rf2+ 48. Kxf2 Qxd2+ 49. Kf1 Qc1+ 50. Ke2 Qb2+ 51. Kf1 Qc1+ 52. Ke2 Qb2+ 1/2-1/2

[Event "4th GRENKE Open 2019"]
[Site "Karlsruhe"]
[Date "2019.04.21"]
[Round "7.85"]
[White "Ambartsumova, Karina"]
[Black "Fichter, Fabian"]
[Result "0-1"]
[WhiteElo "2377"]
[BlackElo "2239"]
[Annotator "NA"]
[PlyCount "108"]
[EventDate "2019.04.18"]
[EventType "swiss"]
[EventCountry "GER"]
[SourceTitle "playchess.com"]
[Source "ChessBase"]
[SourceQuality "1"]

1. Nf3 d5 2. d4 e6 3. c4 c6 4. g3 Bd6 5. Bg2 f5 6. Bf4 Nf6 7. Nc3 O-O 8. O-O Ne4 9. Qc2 Nd7 10. Rab1 h6 11. Nxe4 Bxf4 12. Nc5 Nxc5 13. gxf4 Ne4 14. Ne5 Bd7 15. b4 a6 16. e3 Be8 17. c5 Nf6 18. f3 Nh5 19. Kh1 Kh7 20. Rg1 g6 21. Bf1 Rg8 22. Bd3 Rg7 23. a4 Ra7 24. Qf2 Ra8 25. Rb2 Ra7 26. Qf1 Nf6 27. Bb1 Ra8 28. Qh3 Nd7 29. Nd3 Nf8 30. Rg3 Rc7 31. Ne5 Qf6 32. Qg2 Nd7 33. Nd3 Nf8 34. Rh3 Nd7 35. Qg5 Qg7 36. Rg2 Nf6 37. Ne5 Nh5 38. Qh4 Ra7 39. Qd8 Qe7 40. Qxe7+ Rxe7 41. Bd3 Rc7 42. Kg1 Ra8 43. Kf1 Ra7 44. Ke1 Rc8 45. Kd2 Rb8 46. Kc3 Rc8 47. Rh4 Rc7 48. Kd2 Re7 49. Rg1 Ra8 50. Kc3 Rc7 51. Rh3 Re7 52. Rh4 Rc7 53. Kb3 Re7 54. Rh3 Rc7 0-1

[Event "4th GRENKE Open 2019"]
[Site "Karlsruhe"]
[Date "2019.04.21"]
[Round "7.86"]
[White "Lenaerts, Lennert"]
[Black "Nebolsina, Vera"]
[Result "1-0"]
[WhiteElo "2370"]
[BlackElo "2242"]
[Annotator "NA"]
[PlyCount "87"]
[EventDate "2019.04.18"]
[EventType "swiss"]
[EventCountry "GER"]
[SourceTitle "playchess.com"]
[Source "ChessBase"]
[SourceQuality "1"]

1. d4 d5 2. c4 e6 3. Nc3 a6 4. cxd5 exd5 5. Bf4 Nf6 6. e3 Bd6 7. Bg5 Be6 8. Bd3 Nbd7 9. Nge2 c6 10. Nf4 O-O 11. Nxe6 fxe6 12. O-O e5 13. Bf5 Qe8 14. Bh4 exd4 15. exd4 Qf7 16. Qf3 g6 17. Bh3 Rae8 18. Rae1 Rxe1 19. Rxe1 Re8 20. Re3 Kg7 21. Bg5 Re7 22. g3 h6 23. Rxe7 Qxe7 24. Be3 Nb6 25. b3 Ne4 26. Ne2 Nd7 27. Bf1 Ng5 28. Qg2 Qe4 29. Qxe4 Nxe4 30. Bh3 Nb8 31. Bc8 b6 32. f3 Ng5 33. h4 Nf7 34. Be6 h5 35. Nf4 Kf6 36. Bc8 Ba3 37. Nd3 Nd6 38. Bh3 Nf5 39. Bg5+ Kf7 40. Kf2 Nxd4 41. Bf4 c5 42. Bxb8 Nc6 43. Bc7 b5 44. Bd6 1-0

[Event "4th GRENKE Open 2019"]
[Site "Karlsruhe"]
[Date "2019.04.21"]
[Round "7.87"]
[White "Miedema, David"]
[Black "Michalczak, Thomas"]
[Result "1-0"]
[WhiteElo "2369"]
[BlackElo "2226"]
[Annotator "NA"]
[PlyCount "121"]
[EventDate "2019.04.18"]
[EventType "swiss"]
[EventCountry "GER"]
[SourceTitle "playchess.com"]
[Source "ChessBase"]
[SourceQuality "1"]

1. e4 g6 2. d4 Bg7 3. Nc3 c6 4. Nf3 d5 5. h3 dxe4 6. Nxe4 Nf6 7. Nxf6+ exf6 8. Be2 O-O 9. O-O a5 10. Re1 Na6 11. b3 Nc7 12. Bb2 Nd5 13. Bf1 Bf5 14. Qd2 Qc7 15. Ba3 Rfe8 16. Rxe8+ Rxe8 17. Re1 Rxe1 18. Qxe1 Qd8 19. Qd2 Bf8 20. Bxf8 Kxf8 21. a3 h5 22. c4 Ne7 23. b4 axb4 24. axb4 Be4 25. Ne1 Nf5 26. d5 cxd5 27. f3 Bb1 28. g4 hxg4 29. hxg4 Ng3 30. Qb2 Be4 31. fxe4 Nxe4 32. Qd4 Qd6 33. Nf3 Qxb4 34. Qxd5 Qb6+ 35. Qd4 Qxd4+ 36. Nxd4 Ke7 37. Bg2 Nc5 38. Kf2 Kd6 39. Bd5 Nd3+ 40. Kg3 Ne5 41. Nf3 Nc6 42. Bxf7 g5 43. Kf2 Ne7 44. Nd4 Kc5 45. Ke3 Nc8 46. Nf5 Nb6 47. Ke4 Nd7 48. Be6 Ne5 49. Ne3 b5 50. cxb5 Kxb5 51. Kf5 Kc5 52. Kxf6 Nxg4+ 53. Nxg4 Kd4 54. Bf5 Kd5 55. Kxg5 Kd4 56. Kf4 Kd5 57. Be4+ Kd4 58. Ne3 Kc3 59. Ke5 Kb4 60. Kd4 Kb3 61. Bd5+ 1-0

[Event "4th GRENKE Open 2019"]
[Site "Karlsruhe"]
[Date "2019.04.21"]
[Round "7.88"]
[White "Szamoskozi, Gabor"]
[Black "Kramer, Julian"]
[Result "1/2-1/2"]
[WhiteElo "2242"]
[BlackElo "2369"]
[Annotator "NA"]
[PlyCount "109"]
[EventDate "2019.04.18"]
[EventType "swiss"]
[EventCountry "GER"]
[SourceTitle "playchess.com"]
[Source "ChessBase"]
[SourceQuality "1"]

1. e4 e5 2. Nf3 Nc6 3. Nc3 Nf6 4. Bb5 Nd4 5. Nxd4 exd4 6. e5 dxc3 7. exf6 Qxf6 8. dxc3 Qe5+ 9. Qe2 Qxe2+ 10. Bxe2 d5 11. Bf4 c6 12. O-O-O Bc5 13. f3 Be6 14. Bd3 O-O 15. Rde1 Rfe8 16. Re2 b5 17. Rhe1 g6 18. h4 Bd7 19. Rxe8+ Rxe8 20. Rxe8+ Bxe8 21. Kd2 Be7 22. Bg5 f6 23. Be3 c5 24. b4 c4 25. Be2 a6 26. g4 f5 27. g5 Bd6 28. f4 d4 29. cxd4 Bxb4+ 30. c3 Bd6 31. Bf3 Kf8 32. Kc2 a5 33. Kb2 b4 34. d5 Bb5 35. Bd4 Bxf4 36. cxb4 axb4 37. Bc5+ Ke8 38. Bxb4 Bg3 39. Bd2 Be5+ 40. Bc3 Bg3 41. h5 Bf4 42. hxg6 hxg6 43. Bf6 Bd2 44. Bd1 Kd7 45. a4 Ba6 46. Kc2 Bb4 47. Be5 Be7 48. Kc3 Bxg5 49. Be2 Bh4 50. Bxc4 Be1+ 51. Kd3 Bxc4+ 52. Kxc4 g5 53. Kd3 Bb4 54. Ke2 Ba5 55. Bd4 1/2-1/2

[Event "4th GRENKE Open 2019"]
[Site "Karlsruhe"]
[Date "2019.04.21"]
[Round "7.89"]
[White "Soham Das"]
[Black "Alvarez Serrano, Carlos"]
[Result "1-0"]
[WhiteElo "2367"]
[BlackElo "2200"]
[Annotator "NA"]
[PlyCount "101"]
[EventDate "2019.04.18"]
[EventType "swiss"]
[EventCountry "GER"]
[SourceTitle "playchess.com"]
[Source "ChessBase"]
[SourceQuality "1"]

1. e4 g6 2. d4 Bg7 3. Nc3 c6 4. Nf3 d5 5. h3 Nf6 6. e5 Ne4 7. Nxe4 dxe4 8. Ng5 c5 9. dxc5 Qa5+ 10. c3 Qxc5 11. e6 f6 12. Qa4+ Nc6 13. Nxe4 Qe5 14. Be3 Bxe6 15. O-O-O Qa5 16. Bb5 Qxa4 17. Bxa4 Bd7 18. Nc5 O-O-O 19. Bb3 Na5 20. Be6 Bxe6 21. Nxe6 Rxd1+ 22. Rxd1 Rg8 23. Bxa7 Bh6+ 24. Kc2 Nc6 25. Bc5 f5 26. Rd5 Nd8 27. Nxd8 Rxd8 28. Rxd8+ Kxd8 29. Kd3 Kd7 30. Be3 Bg7 31. f4 e5 32. fxe5 Bxe5 33. Kc4 Kc6 34. a4 Bg3 35. b4 f4 36. b5+ Kc7 37. Bd4 h5 38. Kd5 g5 39. Ke4 g4 40. hxg4 hxg4 41. Be5+ Kb6 42. Bxf4 Be1 43. c4 Kc5 44. Kd3 Kb4 45. a5 Kxa5 46. Bd2+ Bxd2 47. Kxd2 Kb4 48. Kd3 Kc5 49. g3 Kd6 50. Kd4 b6 51. Ke4 1-0

[Event "4th GRENKE Open 2019"]
[Site "Karlsruhe"]
[Date "2019.04.21"]
[Round "7.90"]
[White "Wilhelm, Till"]
[Black "Shvayger, Yuliya"]
[Result "0-1"]
[WhiteElo "2234"]
[BlackElo "2366"]
[Annotator "NA"]
[PlyCount "124"]
[EventDate "2019.04.18"]
[EventType "swiss"]
[EventCountry "GER"]
[SourceTitle "playchess.com"]
[Source "ChessBase"]
[SourceQuality "1"]

1. Nf3 d5 2. g3 g6 3. Bg2 Bg7 4. d4 Nf6 5. O-O O-O 6. c4 dxc4 7. Na3 c3 8. bxc3 c5 9. e3 Nc6 10. Bb2 Bf5 11. Qe2 Qb6 12. Rfe1 Rac8 13. Nc4 Qa6 14. Nfe5 Be4 15. Nxc6 Bxc6 16. Ne5 Qxe2 17. Rxe2 Bxg2 18. Kxg2 Ne4 19. Nd3 b6 20. a4 a5 21. Rc1 f5 22. f3 Nd6 23. dxc5 Nc4 24. cxb6 Rfd8 25. Nf4 Rc6 26. e4 Rxb6 27. Rcc2 Kf7 28. Nd5 Rb3 29. Bc1 e6 30. Nc7 Rd7 31. Nb5 Rd3 32. exf5 gxf5 33. Bd2 e5 34. Bc1 Rd1 35. g4 f4 36. Re4 Nb6 37. Ba3 Ra1 38. Bc5 Nxa4 39. Nd6+ Ke6 40. Nf5 Nxc5 41. Nxg7+ Kf7 42. Rc4 Rb5 43. Nf5 Rd1 44. Re2 Kf6 45. Nh6 Rd5 46. h4 Rb1 47. g5+ Kg6 48. Ng4 Nd7 49. Rc7 Rbd1 50. Rxd7 Rxd7 51. Nxe5+ Kh5 52. Nxd7 Rxd7 53. Kh3 Rd3 54. Ra2 Rxf3+ 55. Kg2 Rxc3 56. Rxa5 Kxh4 57. Ra7 Kg4 58. Rf7 Rc2+ 59. Kf1 Kg3 60. g6 f3 61. Ke1 hxg6 62. Kd1 Rc6 0-1

[Event "4th GRENKE Open 2019"]
[Site "Karlsruhe"]
[Date "2019.04.21"]
[Round "7.91"]
[White "Nilsson, Patrik"]
[Black "Nothnagel, Marian Can"]
[Result "0-1"]
[WhiteElo "2203"]
[BlackElo "2363"]
[Annotator "NA"]
[PlyCount "120"]
[EventDate "2019.04.18"]
[EventType "swiss"]
[EventCountry "GER"]
[SourceTitle "playchess.com"]
[Source "ChessBase"]
[SourceQuality "1"]

1. e4 e5 2. Nf3 d6 3. d4 exd4 4. Nxd4 Nf6 5. Nc3 Be7 6. Be2 O-O 7. O-O Re8 8. f4 Bf8 9. Bf3 c5 10. Nde2 Bg4 11. Bxg4 Nxg4 12. Nd5 Nd7 13. Nec3 Ngf6 14. Re1 b5 15. Qd3 c4 16. Qd4 Nxd5 17. Nxd5 g6 18. Bd2 Bg7 19. Qf2 Nc5 20. Qf3 Bxb2 21. Rab1 Bd4+ 22. Kh1 Rb8 23. Bc3 Bg7 24. Bxg7 Kxg7 25. Qc3+ f6 26. g4 Kf7 27. Qd4 Rb7 28. Re3 Ne6 29. Qc3 Nc7 30. Qd4 Kg7 31. a4 a6 32. axb5 axb5 33. g5 Nxd5 34. Qxd5 Rf7 35. Rxb5 fxg5 36. fxg5 Re5 37. Qxc4 Qxg5 38. Rg3 Rxb5 39. Rxg5 Rxg5 40. Qd3 Rf6 41. Qh3 h5 42. Qd7+ Rf7 43. Qh3 Rb7 44. Qc3+ Kh7 45. h3 Re5 46. Qd4 Re6 47. Kg2 Rbe7 48. Kf3 Re5 49. Qxd6 Rxe4 50. Qd3 R4e6 51. Kf4 Rf7+ 52. Kg5 Re5+ 53. Kh4 Rc5 54. Kg3 Rfc7 55. Kf4 Rc4+ 56. Kg5 R4c5+ 57. Kf6 R7c6+ 58. Kf7 Rxc2 59. Qe4 Rc7+ 60. Kf8 Rb2 0-1

[Event "4th GRENKE Open 2019"]
[Site "Karlsruhe"]
[Date "2019.04.21"]
[Round "7.92"]
[White "Sinz, Bernhard"]
[Black "Koelle, Tobias"]
[Result "0-1"]
[WhiteElo "2361"]
[BlackElo "2198"]
[Annotator "NA"]
[PlyCount "80"]
[EventDate "2019.04.18"]
[EventType "swiss"]
[EventCountry "GER"]
[SourceTitle "playchess.com"]
[Source "ChessBase"]
[SourceQuality "1"]

1. e4 e5 2. f4 exf4 3. Nf3 d6 4. d4 g5 5. Nc3 g4 6. Bc4 gxf3 7. Qxf3 Qh4+ 8. g3 Qg4 9. Qf2 Be6 10. Be2 fxg3 11. hxg3 Qg7 12. Be3 Nd7 13. Nb5 O-O-O 14. d5 Bg4 15. Bd4 Ne5 16. Nxa7+ Kb8 17. O-O-O Nf6 18. Bxg4 Nxe4 19. Qe1 Qxg4 20. Qa5 Nc5 21. Kb1 Qe2 22. Bxc5 dxc5 23. Nb5 Bd6 24. Rhe1 Qc4 25. Qa7+ Kc8 26. a4 Qb4 27. Re3 c4 28. Qa8+ Kd7 29. Qxb7 Rb8 30. Qa7 Ra8 31. Qd4 Qxa4 32. Na3 c3 33. Qxc3 Rhb8 34. Rxe5 Bxe5 35. Qxe5 Qxa3 36. Qf5+ Kd8 37. Qg5+ Qe7 38. Qg8+ Kd7 39. Qg4+ Kd6 40. Qf4+ Qe5 0-1

[Event "4th GRENKE Open 2019"]
[Site "Karlsruhe"]
[Date "2019.04.21"]
[Round "7.93"]
[White "Kardoeus, David"]
[Black "Van Delft, Merijn"]
[Result "0-1"]
[WhiteElo "2189"]
[BlackElo "2359"]
[Annotator "NA"]
[PlyCount "62"]
[EventDate "2019.04.18"]
[EventType "swiss"]
[EventCountry "GER"]
[SourceTitle "playchess.com"]
[Source "ChessBase"]
[SourceQuality "1"]

1. e4 c5 2. Nf3 d6 3. d4 cxd4 4. Nxd4 Nf6 5. Nc3 a6 6. Bg5 Nbd7 7. Qe2 Qa5 8. f4 h6 9. Bh4 g6 10. Nb3 Qc7 11. Nd5 Nxd5 12. exd5 Nb6 13. Bf6 Bg4 14. Qxg4 exf6 15. O-O-O f5 16. Re1+ Be7 17. Qf3 h5 18. Re3 Kf8 19. g3 Bf6 20. Kb1 a5 21. c3 a4 22. Nd2 a3 23. b4 Na4 24. Kc2 Rc8 25. Nb1 Qb6 26. Kb3 Nc5+ 27. Kc2 Ne4 28. Kb3 Bxc3 29. Rxe4 fxe4 30. Qxe4 f5 31. Qc2 Qxb4# 0-1

[Event "4th GRENKE Open 2019"]
[Site "Karlsruhe"]
[Date "2019.04.21"]
[Round "7.94"]
[White "Pranav Anand"]
[Black "Xiong, Ferdinand"]
[Result "1-0"]
[WhiteElo "2359"]
[BlackElo "2181"]
[Annotator "NA"]
[PlyCount "77"]
[EventDate "2019.04.18"]
[EventType "swiss"]
[EventCountry "GER"]
[SourceTitle "playchess.com"]
[Source "ChessBase"]
[SourceQuality "1"]

1. d4 Nf6 2. c4 g6 3. Nc3 Bg7 4. e4 O-O 5. Be2 d6 6. Be3 e5 7. d5 a5 8. g4 Na6 9. h4 Nc5 10. f3 h5 11. g5 Nfd7 12. Nh3 Nb6 13. b3 Bxh3 14. Rxh3 f5 15. gxf6 Bxf6 16. Bf2 Bg7 17. Kd2 Rf4 18. Kc2 Qf6 19. Qg1 Nbd7 20. Be1 Kh7 21. Rd1 Na6 22. Nb5 Ndc5 23. Qh1 b6 24. a3 a4 25. b4 Nb3 26. Bf2 Rc8 27. Be3 c5 28. dxc6 Rxc6 29. Kb1 Qe6 30. Rd5 Rf7 31. Nc3 Qc8 32. Nxa4 Nxb4 33. Rb5 d5 34. Rxb4 dxc4 35. Nxb6 Qa6 36. Bxc4 Rxc4 37. Nxc4 Rc7 38. Rxb3 Qxc4 39. Qd1 1-0

[Event "4th GRENKE Open 2019"]
[Site "Karlsruhe"]
[Date "2019.04.21"]
[Round "7.95"]
[White "Arnold, Lothar"]
[Black "Elgersma, Onno"]
[Result "0-1"]
[WhiteElo "2351"]
[BlackElo "2174"]
[Annotator "NA"]
[PlyCount "142"]
[EventDate "2019.04.18"]
[EventType "swiss"]
[EventCountry "GER"]
[SourceTitle "playchess.com"]
[Source "ChessBase"]
[SourceQuality "1"]

1. e4 c6 2. d4 d5 3. e5 Bf5 4. Nf3 e6 5. Be2 Ne7 6. Nh4 Bg6 7. O-O c5 8. Nxg6 hxg6 9. c3 cxd4 10. cxd4 Nbc6 11. Be3 Nf5 12. Nd2 Nfxd4 13. Bxd4 Nxd4 14. Qa4+ Nc6 15. Bb5 Qb6 16. Rac1 Rc8 17. Rc3 Be7 18. Nf3 a6 19. Bxc6+ bxc6 20. Rfc1 O-O 21. Rb3 Qa7 22. Nd4 c5 23. Nc6 Qc7 24. Nxe7+ Qxe7 25. Rb6 Qg5 26. f4 Qg4 27. Rf1 Qe2 28. Qxa6 Qe3+ 29. Rf2 Ra8 30. Qe2 Qxe2 31. Rxe2 Rxa2 32. Kf2 Rc8 33. Rb7 Raa8 34. Rc2 Kf8 35. g3 Ke8 36. Ke3 Ra4 37. b3 Re4+ 38. Kf3 Kf8 39. Rb5 c4 40. bxc4 Rexc4 41. Rxc4 Rxc4 42. Rb8+ Ke7 43. Rb7+ Ke8 44. Rb8+ Kd7 45. Rg8 Rc3+ 46. Kg4 Ke7 47. h4 Re3 48. Ra8 f6 49. Ra7+ Kf8 50. Ra8+ Kf7 51. Ra7+ Kg8 52. Ra8+ Kh7 53. Re8 fxe5 54. Rxe6 e4 55. Rd6 Rd3 56. f5 gxf5+ 57. Kxf5 e3 58. Kf4 d4 59. Kf3 Rd2 60. Re6 Kg8 61. g4 Kf7 62. Re5 Rd1 63. Ke2 Rg1 64. Re4 Rg2+ 65. Ke1 Rd2 66. Kf1 Kf6 67. Ke1 g6 68. Kf1 g5 69. hxg5+ Kxg5 70. Ke1 Kh4 71. Kf1 Kg3 0-1

[Event "4th GRENKE Open 2019"]
[Site "Karlsruhe"]
[Date "2019.04.21"]
[Round "7.96"]
[White "Nagel, Bernhard"]
[Black "Kulon, Klaudia"]
[Result "1/2-1/2"]
[WhiteElo "2178"]
[BlackElo "2351"]
[Annotator "NA"]
[PlyCount "107"]
[EventDate "2019.04.18"]
[EventType "swiss"]
[EventCountry "GER"]
[SourceTitle "playchess.com"]
[Source "ChessBase"]
[SourceQuality "1"]

1. c4 Nf6 2. Nf3 g6 3. b3 Bg7 4. Bb2 O-O 5. g3 d6 6. d4 c5 7. Bg2 Nbd7 8. O-O Rb8 9. Nc3 a6 10. dxc5 Nxc5 11. Nd4 e5 12. Nc2 b5 13. Nb4 Bb7 14. Bxb7 Rxb7 15. cxb5 axb5 16. Ncd5 Nfe4 17. f3 Ng5 18. Qd2 Nge6 19. Rad1 f5 20. Nc3 Rd7 21. Nbd5 Qb8 22. b4 Na6 23. Kg2 h5 24. Qd3 Nd4 25. a4 Rb7 26. axb5 Nxb5 27. Nxb5 Rxb5 28. Bc3 Kh7 29. e4 Qb7 30. Ra1 Nb8 31. Bd2 Nc6 32. Rac1 Nd4 33. Rc7 Qa8 34. Qe3 f4 35. gxf4 Rb7 36. f5 Rxc7 37. fxg6+ Kxg6 38. Nxc7 Qa2 39. Qg5+ Kf7 40. Nd5 Rg8 41. Qe7+ Kg6 42. Qg5+ Kf7 43. Qe7+ Kg6 44. Rf2 Bh6 45. Bc1 Qb1 46. Bxh6 Kxh6+ 47. Kh3 Qg1 48. Qf6+ Kh7 49. Qf7+ Kh6 50. Nf6 Rg3+ 51. hxg3 Qh1+ 52. Rh2 Qf1+ 53. Rg2 Qh1+ 54. Rh2 1/2-1/2

[Event "4th GRENKE Open 2019"]
[Site "Karlsruhe"]
[Date "2019.04.21"]
[Round "7.97"]
[White "Schroeter, Samuel"]
[Black "Krastev, Alexander"]
[Result "0-1"]
[WhiteElo "2161"]
[BlackElo "2351"]
[Annotator "NA"]
[PlyCount "80"]
[EventDate "2019.04.18"]
[EventType "swiss"]
[EventCountry "GER"]
[SourceTitle "playchess.com"]
[Source "ChessBase"]
[SourceQuality "1"]

1. c4 c5 2. Nc3 g6 3. g3 Bg7 4. Bg2 Nc6 5. Nf3 e6 6. d3 Nge7 7. O-O O-O 8. Rb1 d5 9. cxd5 exd5 10. Bg5 h6 11. Bf4 Be6 12. Na4 b6 13. a3 Rc8 14. h4 d4 15. b4 cxb4 16. axb4 Nd5 17. Bd2 Qd7 18. b5 Nce7 19. e4 Nc7 20. Bb4 Rfe8 21. Bxe7 Rxe7 22. Qd2 Nxb5 23. Qb4 Nc3 24. Nxc3 Rxc3 25. Rfd1 Re8 26. Ne1 Rb8 27. f4 a5 28. Qb2 a4 29. Nc2 Bb3 30. Rd2 Bxc2 31. Rxc2 Rxd3 32. Qb5 Qxb5 33. Rxb5 Rxg3 34. Ra2 a3 35. e5 Bf8 36. Kf2 Rc3 37. Bd5 Bc5 38. e6 fxe6 39. Bxe6+ Kg7 40. h5 Re8 0-1

[Event "4th GRENKE Open 2019"]
[Site "Karlsruhe"]
[Date "2019.04.21"]
[Round "7.98"]
[White "Tschlatscher, Thomas"]
[Black "Vasli, Aref"]
[Result "1/2-1/2"]
[WhiteElo "2152"]
[BlackElo "2345"]
[Annotator "NA"]
[PlyCount "69"]
[EventDate "2019.04.18"]
[EventType "swiss"]
[EventCountry "GER"]
[SourceTitle "playchess.com"]
[Source "ChessBase"]
[SourceQuality "1"]

1. b3 Nf6 2. Bb2 g6 3. Bxf6 exf6 4. c4 d5 5. cxd5 Qxd5 6. Nc3 Qa5 7. a3 c6 8. b4 Qc7 9. e3 Bg7 10. Nf3 O-O 11. d4 f5 12. Rc1 Re8 13. Be2 Qd6 14. O-O Nd7 15. Qc2 Nb6 16. Rfd1 Be6 17. Na4 Bd5 18. Nc5 Re7 19. a4 Rae8 20. a5 Na8 21. Nd3 a6 22. Qc5 Qb8 23. Nf4 Nc7 24. Nxd5 Nxd5 25. Bc4 Bf8 26. Bxd5 Re6 27. Qc4 cxd5 28. Qxd5 Bxb4 29. g3 Rd8 30. Qa2 b6 31. Ne5 Qb7 32. axb6 Rxb6 33. Rc2 Bd6 34. Nc4 Rc6 35. Nxd6 1/2-1/2

[Event "4th GRENKE Open 2019"]
[Site "Karlsruhe"]
[Date "2019.04.21"]
[Round "7.101"]
[White "Mohammadi Nia, Borna"]
[Black "Manea, Alexandru"]
[Result "0-1"]
[WhiteElo "2085"]
[BlackElo "2326"]
[Annotator "NA"]
[PlyCount "58"]
[EventDate "2019.04.18"]
[EventType "swiss"]
[EventCountry "GER"]
[SourceTitle "playchess.com"]
[Source "ChessBase"]
[SourceQuality "1"]

1. e4 c5 2. Nf3 e6 3. d4 cxd4 4. Nxd4 Nc6 5. Nc3 Qc7 6. Be2 Nf6 7. Be3 Be7 8. O-O O-O 9. f4 d6 10. Kh1 Nxd4 11. Bxd4 e5 12. Be3 b6 13. f5 Bb7 14. Bf3 Rfd8 15. Qd3 Rac8 16. g4 h6 17. h4 d5 18. exd5 e4 19. Bxe4 Qg3 20. Bf2 Qxg4 21. Bg2 Bb4 22. Rg1 Bxc3 23. bxc3 Nxd5 24. Bxd5 Rxd5 25. Rxg4 Rxd3+ 26. Kg1 Rh3 27. Kf1 Rcxc3 28. Re1 Rxc2 29. Bd4 Rh1+ 0-1

[Event "4th GRENKE Open 2019"]
[Site "Karlsruhe"]
[Date "2019.04.21"]
[Round "7.102"]
[White "Daggupati, Balaji"]
[Black "Peschel, Andreas"]
[Result "1-0"]
[WhiteElo "2326"]
[BlackElo "2154"]
[Annotator "NA"]
[PlyCount "129"]
[EventDate "2019.04.18"]
[EventType "swiss"]
[EventCountry "GER"]
[SourceTitle "playchess.com"]
[Source "ChessBase"]
[SourceQuality "1"]

1. e4 g6 2. d4 Bg7 3. Nc3 c6 4. f4 d5 5. e5 Nh6 6. Be3 O-O 7. Qd2 Ng4 8. O-O-O f6 9. h3 Nxe3 10. Qxe3 fxe5 11. fxe5 a5 12. h4 Bg4 13. Be2 Qd7 14. Qg5 Bxe2 15. Ngxe2 Rf5 16. Qe3 Rh5 17. e6 Qd6 18. g4 Bh6 19. g5 Bg7 20. Nf4 Na6 21. Nxh5 gxh5 22. Ne2 c5 23. g6 h6 24. c3 a4 25. Qg3 Qxe6 26. Nf4 Qf5 27. dxc5 Be5 28. Nxd5 Qe6 29. Rde1 Nxc5 30. Qf3 Rf8 31. Nxe7+ Kg7 32. Qxh5 Qxe7 33. Kb1 Nd7 34. Rh3 Qe6 35. Rd3 Rf5 36. Qd1 Nc5 37. Rd5 b6 38. h5 Rg5 39. Qf3 Rf5 40. Qh1 a3 41. b4 Nd7 42. Qh3 Nf8 43. Rb5 Nd7 44. Qg4 Qf6 45. Rd5 Qe6 46. Qh3 Nf8 47. Rd6 Qxd6 48. Qxf5 Bf6 49. Rf1 Nd7 50. Kc2 Qc6 51. Qd3 Qg2+ 52. Qd2 Qe4+ 53. Qd3 Qg2+ 54. Qd2 Qe4+ 55. Kb3 Ne5 56. Qd4 Qg2 57. Rf2 Qc6 58. Rd2 Qe6+ 59. Qd5 Qc8 60. Re2 Qc7 61. Re4 b5 62. Qxb5 Nf3 63. Qd3 Ng5 64. Rc4 Qa7 65. Qd6 1-0

[Event "4th GRENKE Open 2019"]
[Site "Karlsruhe"]
[Date "2019.04.21"]
[Round "7.103"]
[White "Hilverda, Alexander"]
[Black "Yi, Danny"]
[Result "1/2-1/2"]
[WhiteElo "2326"]
[BlackElo "2105"]
[Annotator "NA"]
[PlyCount "77"]
[EventDate "2019.04.18"]
[EventType "swiss"]
[EventCountry "GER"]
[SourceTitle "playchess.com"]
[Source "ChessBase"]
[SourceQuality "1"]

1. d4 Nf6 2. c4 g6 3. Nc3 d5 4. cxd5 Nxd5 5. e4 Nxc3 6. bxc3 Bg7 7. Be3 c5 8. Qd2 cxd4 9. cxd4 Nc6 10. Rd1 O-O 11. d5 Qa5 12. Qxa5 Nxa5 13. Bd2 b6 14. Bb4 Bd7 15. Ba6 Rfe8 16. Ne2 e6 17. d6 Rab8 18. O-O Nc6 19. Ba3 Rbd8 20. Rc1 e5 21. Rfd1 Bh6 22. Rc3 Nb8 23. Bd3 Ba4 24. Bc2 Bb5 25. Bd3 Ba4 26. Bc2 Bb5 27. Nc1 Rc8 28. Rxc8 Rxc8 29. Bb3 Nd7 30. Bd5 a5 31. Nb3 Rc3 32. Bc1 Bf8 33. Be3 a4 34. Nc1 Bxd6 35. Bxf7+ Kxf7 36. Rxd6 Ke7 37. Rd1 Nc5 38. Bd2 Rc2 39. Bb4 1/2-1/2

[Event "4th GRENKE Open 2019"]
[Site "Karlsruhe"]
[Date "2019.04.21"]
[Round "7.104"]
[White "Sanal, Vahap"]
[Black "Polatel, Ali"]
[Result "1-0"]
[WhiteElo "2513"]
[BlackElo "2235"]
[Annotator "ChessBase"]
[PlyCount "153"]
[EventDate "2019.04.18"]
[EventType "swiss"]
[EventCountry "GER"]
[SourceTitle "playchess.com"]
[Source "ChessBase"]
[SourceQuality "1"]

1. e4 c5 2. Nf3 g6 3. d4 cxd4 4. Nxd4 Nc6 5. Nc3 Bg7 6. Be3 Nf6 7. Bc4 Qa5 8. O-O O-O 9. Bb3 d6 10. h3 Bd7 11. Re1 Rac8 12. Nf3 Qh5 13. Qe2 a6 14. Rad1 b5 15. a3 Rfe8 16. Ng5 Ne5 17. Qxh5 Nxh5 18. g4 h6 19. Nxf7 Nxf7 20. gxh5 gxh5 21. Kh2 e6 22. f4 Bc6 23. Bd4 Bxd4 24. Rxd4 Kf8 25. Rg1 Ke7 26. Rg6 Bd7 27. Rd2 Rg8 28. Rdg2 Rxg6 29. Rxg6 h4 30. Kg1 a5 31. f5 Ne5 32. Rxh6 b4 33. axb4 axb4 34. Rh7+ Kf6 35. fxe6 bxc3 36. exd7 Rd8 37. bxc3 Rxd7 38. Rh8 Rc7 39. c4 Nxc4 40. Rxh4 Ke5 41. Rh5+ Kf4 42. Kf2 Na3 43. Ke2 Nxc2 44. Bxc2 Rxc2+ 45. Kd3 Rc5 46. Rd5 Rc1 47. Rf5+ Kg3 48. Rh5 Kf4 49. Rf5+ Kg3 50. Kd2 Rc4 51. Ke3 Kxh3 52. Kf4 Rc6 53. Rd5 Kg2 54. Rd2+ Kf1 55. Ke3 Ra6 56. Kd4 Ke1 57. Rh2 Kf1 58. Kd5 Kg1 59. Rc2 Ra4 60. Rb2 Kf1 61. Rd2 Ke1 62. Rg2 Kd1 63. Rb2 Ke1 64. Rh2 Kd1 65. Rh4 Ke2 66. Kxd6 Ke3 67. Ke5 Ra5+ 68. Kf6 Ra6+ 69. Kf5 Ra4 70. Rh1 Ra8 71. e5 Rf8+ 72. Kg6 Kd4 73. e6 Rf2 74. e7 Re2 75. Kf7 Rf2+ 76. Ke6 Re2+ 77. Kd7 1-0

[Event "4th GRENKE Open 2019"]
[Site "Karlsruhe"]
[Date "2019.04.21"]
[Round "7.106"]
[White "Prithu Gupta"]
[Black "Kaufeld, Juergen"]
[Result "1/2-1/2"]
[WhiteElo "2478"]
[BlackElo "2231"]
[Annotator "TA"]
[PlyCount "41"]
[EventDate "2019.04.18"]
[EventType "swiss"]
[EventCountry "GER"]
[SourceTitle "playchess.com"]
[Source "ChessBase"]
[SourceQuality "1"]

1. c4 e6 2. g3 d5 3. Bg2 Nf6 4. Nf3 dxc4 5. Qa4+ Bd7 6. Qxc4 c5 7. O-O Bc6 8. d3 Nbd7 9. Qc2 Be7 10. Nc3 Rc8 11. e4 O-O 12. d4 b6 13. Rd1 cxd4 14. Nxd4 Bb7 15. Qe2 Bb4 16. Ndb5 a6 17. Nd6 Bxd6 18. Rxd6 Qc7 19. Rd1 Rfd8 20. e5 Bxg2 21. exf6 1/2-1/2

[Event "4th GRENKE Open 2019"]
[Site "Karlsruhe"]
[Date "2019.04.21"]
[Round "7.107"]
[White "Lagunow, Raphael"]
[Black "Schmuecker, Marcus"]
[Result "1-0"]
[WhiteElo "2428"]
[BlackElo "2230"]
[Annotator "NA"]
[PlyCount "45"]
[EventDate "2019.04.18"]
[EventType "swiss"]
[EventCountry "GER"]
[SourceTitle "playchess.com"]
[Source "ChessBase"]
[SourceQuality "1"]

1. Nf3 d5 2. g3 Nf6 3. Bg2 e6 4. d4 Be7 5. O-O O-O 6. c4 c6 7. Nbd2 b6 8. Qc2 Bb7 9. e4 Na6 10. e5 Nd7 11. cxd5 Nb4 12. Qb3 Nxd5 13. Ne4 c5 14. Qd3 h6 15. a3 cxd4 16. Qxd4 Nc5 17. Nxc5 Bxc5 18. Qg4 Kh8 19. Qh5 Be7 20. Bxh6 gxh6 21. Qxh6+ Kg8 22. Rad1 Qe8 23. Ng5 1-0